书目信息 |
| 题名: |
数字通信原理
|
|
| 作者: | 周冬梅 , 郭勇 主编 | |
| 分册: | ||
| 出版信息: | 成都 电子科技大学出版社 2010.12 |
|
| 页数: | 297页 | |
| 开本: | 26cm | |
| 丛书名: | ||
| 单 册: | ||
| 中图分类: | TN914.3 | |
| 科图分类: | ||
| 主题词: | 数字通信--shu zi tong xin--高等学校--教材 | |
| 电子资源: | ||
| ISBN: | 978-7-5647-0713-2 | |
| 000 | 00971nam0 2200265 450 | |
| 001 | 1259014406 | |
| 005 | 20120217162354.32 | |
| 010 | @a978-7-5647-0713-2@dCNY29.80 | |
| 100 | @a20110330d2010 em y0chiy50 ea | |
| 101 | 0 | @achi |
| 102 | @aCN@b510000 | |
| 105 | @aa z 000yy | |
| 106 | @ar | |
| 200 | 1 | @a数字通信原理@Ashu zi tong xin yuan li@f郭勇, 周冬梅主编 |
| 210 | @a成都@c电子科技大学出版社@d2010.12 | |
| 215 | @a297页@c图@d26cm | |
| 320 | @a有书目 (第297页) | |
| 330 | @a全书共11章,包括第1章概论、第2章通信信道、第3章随机信号分析、第4章信源编码、第5章多路复用与多址技术、第6章数字信号的基带传输、第7章数字信息号的频带传输、第8章数字信号的最佳接收、第9章信道编码、第10章扩频通信、第11章现代通信系统介绍等内容。 | |
| 586 | @a | |
| 606 | 0 | @a数字通信@Ashu zi tong xin@x高等学校@j教材 |
| 690 | @aTN914.3@v5 | |
| 701 | 0 | @a周冬梅@Azhou dong mei@4主编 |
| 701 | 0 | @a郭勇@Aguo yong@4主编 |
| 801 | 0 | @aCN@c20110610 |
| 905 | @b1016376-8@dTN914.3@eG862@f3 | |
| 数字通信原理/郭勇, 周冬梅主编.-成都:电子科技大学出版社,2010.12 |
| 297页:图;26cm |
| ISBN 978-7-5647-0713-2:CNY29.80 |
| 全书共11章,包括第1章概论、第2章通信信道、第3章随机信号分析、第4章信源编码、第5章多路复用与多址技术、第6章数字信号的基带传输、第7章数字信息号的频带传输、第8章数字信号的最佳接收、第9章信道编码、第10章扩频通信、第11章现代通信系统介绍等内容。 |
| ● |
| 相关链接 |
|
|
|
正题名:数字通信原理
索取号:TN914.3/G862
 
预约/预借
| 序号 | 登录号 | 条形码 | 馆藏地/架位号 | 状态 | 备注 |
| 1 | 1016376 | 210163767 | 自科库301/301自科库 37排4列1层/ [索取号:TN914.3/G862] | 在馆 | |
| 2 | 1016377 | 210163776 | 自科库301/301自科库 37排4列1层/ [索取号:TN914.3/G862] | 在馆 | |
| 3 | 1016378 | 210163785 | 自科库301/301自科库 28排4列2层/ [索取号:TN914.3/G862] | 在馆 |